书目信息 |
| 题名: |
苏式核雕
|
|
| 作者: | 李晓 著 | |
| 分册: | ||
| 出版信息: | 南京 江苏美术出版社 2013.11 |
|
| 页数: | 90页 | |
| 开本: | 29cm | |
| 丛书名: | 百工录——中国工艺记录丛书 | |
| 单 册: | ||
| 中图分类: | J314.2 | |
| 科图分类: | ||
| 主题词: | 核雕--he diao--雕塑技法--苏州 | |
| 电子资源: | ||
| ISBN: | 978-7-5344-6826-1 | |
| 000 | 00887nam 2200265 450 | |
| 001 | 2037665589 | |
| 005 | 20201106102754.82 | |
| 010 | @a978-7-5344-6826-1@dCNY68.00 | |
| 100 | @a20131230d2013 em y0chiy50 ea | |
| 101 | 0 | @achi |
| 102 | @aCN@b320000 | |
| 105 | @aa z 000yy | |
| 200 | 1 | @a苏式核雕@Asu shi he diao@f李晓著 |
| 210 | @a南京@c江苏美术出版社@d2013.11 | |
| 215 | @a90页@c彩图@d29cm | |
| 225 | 2 | @a百工录——中国工艺记录丛书@Abai gong lu —— zhong guo gong yi ji lu cong shu |
| 312 | @a英文题名取自封面 | |
| 330 | @a本书共分为四章, 主要内容包括: 苏式核雕概述 ; 苏式核雕技艺 ; 苏式核雕现状 ; 代表作品鉴赏。 | |
| 410 | 0 | @12001 @a百工录——中国工艺记录丛书 |
| 510 | 1 | @aNut-carving of Suzhou@zeng |
| 606 | 0 | @a核雕@Ahe diao@x雕塑技法@y苏州 |
| 690 | @aJ314.2@v5 | |
| 701 | 0 | @a李晓@Ali xiao@4著 |
| 801 | 0 | @aCN@b人天书店@c20201024 |
| 905 | @aZUCC@dJ314.2@eL296 | |
| 苏式核雕/李晓著.-南京:江苏美术出版社,2013.11 |
| 90页:彩图;29cm.-(百工录——中国工艺记录丛书) |
| ISBN 978-7-5344-6826-1:CNY68.00 |
| 本书共分为四章, 主要内容包括: 苏式核雕概述 ; 苏式核雕技艺 ; 苏式核雕现状 ; 代表作品鉴赏。 |
| ● |
| 相关链接 |
|
|
|
正题名:苏式核雕
索取号:J314.2/L296
 
预约/预借
| 序号 | 登录号 | 条形码 | 馆藏地/架位号 | 状态 | 备注 |
| 1 | 1481720 | 214817206 | 社科库309/309社科库 81排4列3层/ [索取号:J314.2/L296] | 在馆 | |
| 2 | 1481721 | 214817215 | 社科库309/309社科库 81排4列3层/ [索取号:J314.2/L296] | 在馆 | |
| 3 | 1481722 | 214817224 | 社科库309/309社科库 81排4列3层/ [索取号:J314.2/L296] | 在馆 |